| 000 | 00749cam a2200181 a 4500 | ||
|---|---|---|---|
| 020 | _a0959687106 (set) | ||
| 082 | 0 | 0 |
_a358.20994 _bMCN |
| 100 | 1 |
_aMcNicoll, Ronald. _948864 |
|
| 245 | 1 | 4 |
_aThe Royal Australian Engineers / _cby Ronald McNicoll. |
| 260 |
_aCanberra : _bPublished by the Corps Committee of the Royal Australian Engineers, _c1977-<2002 > |
||
| 300 |
_av. <1-4 > : _bill. (some col.) ; _c24 cm. |
||
| 500 | _aVol. 4 by P.J. Greville. | ||
| 505 | 1 | _a1. 1835 to 1902, The Colonial engineers -- 2. 1902 to 1919, Making and breaking -- 3. 1919 to 1945, Teeth and nail -- v. 4. 1945 to 1972, paving the way | |
| 526 |
_a0 _b0 _c0 _d358_209940000000000_MCN |
||
| 650 |
_aMCE _9379 |
||
| 700 | 1 |
_aGreville, P. J. _948957 |
|
| 942 |
_2ddc _cBK |
||
| 999 |
_c551805 _d551805 |
||